000 00681nam a2200217 u 4500
005 20240924071259.0
008 130322s2007 r 000 0 eng d
020 _a1404265864
035 _aUPN01000190436
049 _aI
050 4 _aPZ75
_bG4.2
100 1 _aGeorge, Lynn
_933673
245 1 4 _aLos anteojos de sol de Samuel /
_cLynn George ; tr. José María Obregón
260 _aNew York :
_bRosen Classroom Books & Materials,
_c2007.
300 _a8 p. :
_bprincipalmente il. col.
440 0 _aLecturas del barrio.
_pNarrativa
650 4 _aLiteratura infantil
_94445
650 7 _aLibros ilustrados para niños
_2
_921365
905 _aInfantil
999 _c162539
_d162539